Geography Quiz

Random Geography or World Quiz

Place Names with a Mystery Theme Quiz Stats

 Plays Quiz not verified by Sporcle

Challenge
Share
Tweet
Embed
Score 0/35 Timer 12:00
0 Plays Today
Hint Answer % Correct
Los ___, second most populous US cityAngeles
98%
Island shared by Brunei, Indonesia, and MalaysiaBorneo
77.2%
French city, site of Joan of Arc's greatest victoryOrléans
69.3%
Second most populous US state capitalAustin
65.3%
South American capital, southwest of AsunciónSantiago
65.3%
The ___ State, New Hampshire's rocky nicknameGranite
62.4%
Black Sea peninsula on which Yalta is locatedCrimea
62.4%
Country with the westernmost point in mainland AfricaSenegal
60.4%
French city for which a 1598 edict was namedNantes
58.4%
New York's ___ Mountains, home to the Borscht BeltCatskill
58.4%
Australian town named for Shakespeare's fairy kingOberon
57.4%
Second most populous city in DenmarkAarhus
53.5%
Second largest of the Balearic Islands by areaMenorca
49.5%
Serbia's second largest city, meaning 'new plantation'Novi Sad
45.5%
Australia's ___ and Cartier IslandsAshmore
44.6%
Capital said to be '2600 metres closer to the stars'Bogotá
44.6%
Belgian city for which an 1854 manifesto was namedOstend
42.6%
British Columbia's second largest island, or a crackerGraham
42.6%
Hint Answer % Correct
Italian port city, site of WWII's Operation AvalancheSalerno
42.6%
Suburb of Flint, or the Fifth Doctor's surnameDavison
39.6%
Scottish port in Sir Walter Scott's 'A Legend of ___'Montrose
38.6%
Capital of Alderney, named for Jesus's grandmotherSt. Anne
38.6%
Moroccan city at west end of the Strait of GibraltarTangier
36.6%
Lombard city known for Amati and Stradivari violinsCremona
35.6%
Mighty Anglo-Saxon kingdom ruled from TamworthMercia
35.6%
Northern Ireland county between Down and TyroneArmagh
34.7%
Tanzanian city known for a 1967 declarationArusha
32.7%
Walt Disney's birthplace, from Spanish for 'beautiful'Hermosa
31.7%
Range whose tallest mountain is Utah's Kings PeakUintas
30.7%
Côte d'Azur resort town named for an archangelSaint-Raphaël
29.7%
Susquehanna tributary, or a natural sodium depositSalt Lick
28.7%
Longest tributary of the Don, measuring 1,053 kmDonets
28.7%
Multicountry range whose tallest peak is Piz BerninaRhaetian Alps
27.7%
Large suburb of Charlotte, or a spiky dinosaur genusGastonia
22.8%
Town considered the 10th-century capital of WessexSomerton
16.8%

You're not logged in!

Compare scores with friends on all Sporcle quizzes.
OR
Log In

You Might Also Like...

Show Comments

Extras

Top Quizzes Today


Score Distribution

Your Account Isn't Verified!

In order to create a playlist on Sporcle, you need to verify the email address you used during registration. Go to your Sporcle Settings to finish the process.

Report this User

Report this user for behavior that violates our Community Guidelines.

Details: